Представление документа в формате MARC21

Поле Инд. ПП Название Значение
Тип записи a
Библиографический уровень b
001 Контрольный номер RU/IS/BASE/440692250
005 Дата корректировки 20200526074547.8
008 Кодируемые данные 20131218
040 b Код языка каталог. rus
e Правила каталог. PSBO
041 0_ a Код языка текста rus
084 a Индекс другой классификации/Индекс ББК 87.3(4Гем)5
100 1_ a Автор Коротких В. И.
q Полное имя Коротких Вячеслав Иванович
245 10 a Заглавие Гегелевская концепция рефлексии как формы диалектико-спекулятивного метода
504 a Библиография Библиогр. - Примеч.: с. 139 - 140
520 0_ a Аннотация В статье рассматриваются особенности рефлексии как формы метода "Науки логики" в сравнении с другими его формами - становлением и развитием. С точки зрения понятия рефлексии даётся оценка отношения Гегеля к традиционной логике и вскрываются основания его теории философии
600 a Персоналии Гегель Георг Вильгельм Фридрих
650 14 a Основная рубрика история философии
a Основная рубрика философия
653 a Ключевые слова "Наука логики"
a Ключевые слова XIX век
a Ключевые слова XVIII век
a Ключевые слова бытие
a Ключевые слова Германия
a Ключевые слова диалектика
a Ключевые слова диалектико-спекулятивный метод
a Ключевые слова история логики
a Ключевые слова логика
a Ключевые слова нецесситаризм
a Ключевые слова рефлексия
a Ключевые слова сущность
a Ключевые слова традиционная логика
a Ключевые слова формальная логика
773 08 t Заглавие источника Вопросы философии
d Дата издания источника 2013
g Прочая информация № 5. - С. 127 - 140
w Контрольный № источника RU/IS/BASE/424277693
901 t Тип документа b